<?xml version="1.0" encoding="UTF-8"?>
<record
    xmlns:xsi="http://www.w3.org/2001/XMLSchema-instance"
    xsi:schemaLocation="http://www.loc.gov/MARC21/slim http://www.loc.gov/standards/marcxml/schema/MARC21slim.xsd"
    xmlns="http://www.loc.gov/MARC21/slim">

  <leader>00972    a2200229   4500</leader>
  <controlfield tag="005">20081010143928.0</controlfield>
  <controlfield tag="008">081010t        xxu||||| |||| 00| 0 ur d</controlfield>
  <datafield tag="010" ind1=" " ind2=" ">
    <subfield code="a">UR-7275</subfield>
  </datafield>
  <datafield tag="020" ind1=" " ind2=" ">
    <subfield code="c">60.00</subfield>
    <subfield code="a">8189461249</subfield>
  </datafield>
  <datafield tag="035" ind1=" " ind2=" ">
    <subfield code="a">U-5830</subfield>
  </datafield>
  <datafield tag="037" ind1=" " ind2=" ">
    <subfield code="b">D.B.Act/pub</subfield>
  </datafield>
  <datafield tag="082" ind1=" " ind2=" ">
    <subfield code="a"> &#x6A9;</subfield>
  </datafield>
  <datafield tag="100" ind1=" " ind2=" ">
    <subfield code="a">&#x645;&#x64A;&#x631; &#x627;&#x645;&#x646; &#x62F;&#x6BE;&#x644;&#x648;&#x6CC;</subfield>
  </datafield>
  <datafield tag="245" ind1=" " ind2=" ">
    <subfield code="a">&#x628;&#x627; &#x63A; &#x648; &#x628;&#x6C1;&#x627; &#x631;</subfield>
    <subfield code="c">&#x645;&#x64A;&#x631; &#x627;&#x645;&#x646; &#x62F;&#x6BE;&#x644;&#x648;&#x6CC;</subfield>
  </datafield>
  <datafield tag="246" ind1=" " ind2=" ">
    <subfield code="a">Bagh-o-Bahar</subfield>
    <subfield code="b">by Meer Aman Dehlvi</subfield>
  </datafield>
  <datafield tag="260" ind1=" " ind2=" ">
    <subfield code="a">&#x62F;&#x6BE;&#x644;&#x6CC;</subfield>
    <subfield code="b">&#x6A9;&#x62A;&#x627; &#x628;&#x6CC; &#x62F;&#x646;&#x64A;&#x627;</subfield>
    <subfield code="c">2007</subfield>
  </datafield>
  <datafield tag="270" ind1=" " ind2=" ">
    <subfield code="a">1955&#x60C;&#x6AF;&#x644;&#x6CC; &#x646;&#x648;&#x627;&#x628; &#x645;&#x631;&#x632;&#x627;&#x60C;&#x645;&#x62D;&#x644;&#x6C1; &#x642;&#x628;&#x631; &#x633;&#x62A;&#x627;&#x646; &#x627;&#x64A;&#x646;&#x6AF;&#x644;&#x648; &#x627;&#x631;&#x628;&#x6A9; &#x627;&#x633;&#x6A9;&#x648;&#x644; &#x6A9;&#x6D2; &#x633;&#x627;&#x645;&#x646;&#x6D2; &#x62A;&#x631; &#x6A9;&#x645;&#x627; &#x646; &#x6AF;&#x64A;&#x679;</subfield>
    <subfield code="b">&#x62F;&#x6BE;&#x644;&#x6CC;</subfield>
    <subfield code="e">11006</subfield>
    <subfield code="k">01123288452</subfield>
    <subfield code="m">kitabiduniya@rediffmail.com</subfield>
  </datafield>
  <datafield tag="300" ind1=" " ind2=" ">
    <subfield code="a"> 192 &#x635;</subfield>
    <subfield code="b">22 &#x633;&#x64A;&#x646;&#x679;&#x6CC; &#x645;&#x64A;&#x679;&#x631; /</subfield>
  </datafield>
  <datafield tag="650" ind1=" " ind2=" ">
    <subfield code="a">&#x6A9;&#x6C1;&#x627; &#x646;&#x6CC;</subfield>
  </datafield>
  <datafield tag="942" ind1=" " ind2=" ">
    <subfield code="a">dpl</subfield>
    <subfield code="k"> </subfield>
    <subfield code="c">UR</subfield>
    <subfield code="2">ddc</subfield>
    <subfield code="h">&#x6A9;  </subfield>
    <subfield code="m">&#x645;&#x64A;&#x631; &#x627;&#x645;&#x646;</subfield>
  </datafield>
  <datafield tag="999" ind1=" " ind2=" ">
    <subfield code="c">1575</subfield>
    <subfield code="d">1575</subfield>
  </datafield>
  <datafield tag="952" ind1=" " ind2=" ">
    <subfield code="0">0</subfield>
    <subfield code="1">0</subfield>
    <subfield code="2">ddc</subfield>
    <subfield code="4">0</subfield>
    <subfield code="7">1</subfield>
    <subfield code="8">FIC</subfield>
    <subfield code="a">DBAD</subfield>
    <subfield code="b">DBAD</subfield>
    <subfield code="d">2008-10-10</subfield>
    <subfield code="g">60.00</subfield>
    <subfield code="l">0</subfield>
    <subfield code="o">&#x6A9;   &#x645;&#x64A;&#x631; &#x627;&#x645;&#x646;</subfield>
    <subfield code="p">U-5830</subfield>
    <subfield code="r">2008-09-15 00:00:00</subfield>
    <subfield code="t">1</subfield>
    <subfield code="u">1654</subfield>
    <subfield code="v">60.00</subfield>
    <subfield code="w">2008-09-15</subfield>
    <subfield code="y">UR</subfield>
  </datafield>
</record>
